000 01793nam a2200361 c 4500
003 BLK
005 20180420223701.0
008 180408b bul|||||r ||||||| ||bul||
010 _aKNG00073823000
020 _a954-507-195-8
_bиздат.: Гуторанов и син
040 _aBLK
041 _aBUL
_cBUL
080 _aМеханично действащи средства - Използване на дразнещи кожата средства за лечение:пиявици, акупунктура, пчелно ожилване, изкуствено дишане, реанимация, сърдечен масаж, пейсмейкъри
_b615.81
_x(035)
_z615.81(035)
100 1 _aГуторанов, Георги Георгиев
_eпърви автор
_9253696
139 _aГуторанов, Георги Георгиев
_bГ 94
245 1 0 _aСправочник по акупунктура
_cГеорги Георгиев Гуторанов.
250 _a3. прераб. и доп. изд.
257 _aBGR
260 София
_bГуторанов и син
_c2007
300 _a280 с.
_c24 см
380 _a61
500 _a1. изд. 1991 на ПУ Паисий Хилендарски. - Библиогр. с. 269-280. Прил. : Атлас на всички акупунктурни точки с транскрибция на български език - 3 л. - 64Х33 см.
504 _a269-280
650 4 _aАкупунктура
_9146681
650 4 _aБолести - лечение - справочници
_9253697
653 _aакупунктура
653 _aсправочници
852 _aЦб 233007
856 4 _qpdf
_u
856 4 _qpdf
_u
942 _cKNG
_n0
944 _aCR
_c05.04.2007
_kКети_Илиева
944 _aED
_c25.01.2013
_k
999 _c69476
_d69476